| 000 | 00681nam a2200241Ia 4500 | ||
|---|---|---|---|
| 003 | OSt | ||
| 005 | 20220930062212.0 | ||
| 006 | a|||||r|||| 00| 0 | ||
| 007 | ta | ||
| 008 | 220926b |||||||| |||| 00| 0 hin d | ||
| 024 | _a820 | ||
| 037 | _cTheses | ||
| 040 |
_aCRL _cCRL _bhin |
||
| 041 |
_2hin _ahin |
||
| 100 |
_aGulshan Kumari _9520773 |
||
| 110 | _aUniversity of Delhi. Faculty of Arts. Department of Sanskrit | ||
| 245 | 0 | _aMahamahima-upadhyaya Sri Srijiva Nyayatritha ke natak | |
| 260 | _c1979 | ||
| 650 | _aSANSKRIT | ||
| 700 | _aUniversity of Delhi. Faculty of Arts. Department of Sanskrit | ||
| 942 |
_cDIS _2CC |
||
| 999 |
_c855235 _d855235 |
||